Mujeres inmigrantes de América Latina y Africa: su doble discriminación /

में बचाया:
ग्रंथसूची विवरण
मुख्य लेखक: Gregorio, Carmen
स्वरूप: मूलपाठ
भाषा:Spanish
विषय:
टैग: टैग जोड़ें
कोई टैग नहीं, इस रिकॉर्ड को टैग करने वाले पहले व्यक्ति बनें!

MARC

LEADER 00000 a a2200000 04500
001 271
003 cru CIDCACS/IIS
005 20190924151729.0
008 190924b ||||| |||| 00| 0 spa d
999 |c 42394  |d 42394 
040 |c cru CIDCACS/IIS 
100 1 |a Gregorio, Carmen  |9 8580 
245 1 |a Mujeres inmigrantes de América Latina y Africa:   |b su doble discriminación /  |c Carmen Gregorio 
300 |a páginas 31-38 
650 |a MUJERES  
650 0 |a EMIGRANTES  |9 7505 
650 0 |a EMPLEO  |9 288 
651 0 |9 17  |a AMERICA LATINA 
651 0 |9 5221  |a AFRICA 
773 0 |0 41952  |9 3372  |d Madrid: Solidaridad para el desarrollo y la paz, SODEPAZ-SODEPAU; Asociación Andaluza por la solidaridad y la paz 1990-  |o 03629  |t Africa América Latina:  |x 11302569 
942 |2 ddc  |c PP